Quiz o Karkonoszach - Statystyki

Ogólne statystyki
  • Ten quiz został rozwiązany 385 razy
  • Średni wynik to 9 z 15
Statystyki odpowiedzi
Zagadnienie Odpowiedź % Poprawnych
Jaki jest najwyższy szczyt Karkonoszy? Śnieżka
93%
Jak nazywa się szlak w wysokich partiach Karkonoszy, który kiedy powstał miał na celu udostępnienie Polakom Czeskich Karkonoszy i odwrotnie? Droga Przyjaźni Polsko-Czeskiej
80%
Jak nazywa się najdłuższa rzeka Niemiec, która źródła ma w Karkonoszach? Łaba
78%
Sceny z jakiego filmu kręcono w polskich Karkonoszach? Opowieści z Narnii: Książe Kaspian
78%
Jakie miasto turystyczne po polskiej stronie Karkonoszy jest najpopularniejsze do wypoczynku w Karkonoszach? Karpacz
76%
Jak nazywa się najwyższy w Europie Środkowej (nie licząc Alp) i zarazem najwyższy w Republice Czeskiej wodospad leżący w Karkonoszach? Wodospad Panczawy
71%
Jak nazywa się duży ptak pod ścisłą ochroną z rodziny kurowatych zamieszkujący w Karkonoszach? Cietrzew
69%
Jak nazywa się najwyższy wodospad w polskich Karkonoszach? Wodospad Kamieńczyka
69%
Jak nazywa się szczyt w Karkonoszach, którego nazwa pochodzi od charakterystycznej budowy góry? Skalny Stół
67%
Jak nazywa się największe jezioro lężace w całości w Karkonoszach? Wielki Staw
64%
Jak kiedyś zwane były Karkonosze? Góry Olbrzymie
53%
Czy w Karkonoszach występują rysie? Tak
49%
Ile w Karkonoszach jest kotłów polodowcowych? 6
36%
Jak nazywa się czeskie radio którego nazwa pochodzi od góry w Karkonoszach? Černá hora
33%
Jak nazywa się najwyższy szczyt w Karkonoszach leżący w całości na terenie Polski? Smogornia
9%
Nie znaleziono quizów pasujących do podanych kryteriów
Rozkład punktacji
Procent ludzi z każdym wynikiem
Percentyl według liczby udzielonych odpowiedzi
Twoja historia wyników
Nie rozwiązałeś tego quizu